| 000 | 00846nam a2200253 i 4500 | ||
|---|---|---|---|
| 001 | IT\ICCU\TO0\1509986 | ||
| 003 | ItRI | ||
| 005 | 20260308212814.0 | ||
| 008 | 060516s2006 it |||||| ||||| |||||c | ||
| 015 |
_2IT _a2007-4444 |
||
| 020 | _a8804548851 | ||
| 040 |
_bita _cCentro di documentazione Omologie (CIG Arcigay Milano) |
||
| 041 | 7 |
_aita _2ISO-639-2 |
|
| 082 |
_a823.92 _221 |
||
| 100 | 1 |
_aStace, Wesley _0IT\ICCU\TO0V\571235 _4aut |
|
| 240 | 1 | 0 |
_aMisfortune. _9Stace, Wesley |
| 245 | 1 | 3 |
_aLa ballata di Miss Fortune / _cWesley Stace ; traduzione di Katia Bagnoli e Maurizio Bartocci. |
| 260 |
_aMilano : _bMondadori, _c2006 |
||
| 300 |
_a547 p. ; _c21 cm. |
||
| 700 | 1 |
_aBagnoli, Katia _0IT\ICCU\CFIV\054895 |
|
| 700 | 1 |
_aBartocci, Maurizio _0IT\ICCU\TO0V\259783 |
|
| 830 | 0 |
_aStrade blu _0IT\ICCU\RAV\0329587 |
|
| 942 |
_2ddc _cBK _n0 |
||
| 999 |
_c28896 _d28896 |
||